[Event "Landesklasse Ost 2011/2012"]
[Site "?"]
[Date "2011.09.18"]
[Round "1"]
[White "Duzy, Stefan"]
[Black "Stumm, Rainer"]
[Result "0-1"]
[WhiteElo "1794"]
[BlackElo "1587"]
[PlyCount "72"]
[EventDate "2011.??.??"]
[WhiteTeam "Erfurter Schachklub"]
[BlackTeam "SV Medizin Erfurt"]

1. e4 e6 2. d4 d5 3. Nc3 Nf6 4. Bg5 Be7 5. e5 Nfd7 6. Bxe7 Qxe7 7. Qh5 Nc6 8.
O-O-O h6 9. f4 Nf8 10. Nf3 Bd7 11. Be2 O-O-O 12. Qg4 f6 13. Qh4 Ng6 14. Qg3 Qf7
15. Bd3 Nge7 16. Qf2 Nb4 17. Bf1 fxe5 18. Nxe5 Qf6 19. a3 Nbc6 20. Qe3 Rhf8 21.
Ne2 Nf5 22. Qd3 Nfxd4 23. g3 Nxe2+ 24. Qxe2 Nxe5 25. fxe5 Qf3 26. Qxf3 Rxf3 27.
Re1 Rdf8 28. Bg2 Rf2 29. Rhf1 Bb5 30. Rxf2 Rxf2 31. Bh3 Kd7 32. Rd1 Ke7 33. Rd2
Rf3 34. b3 Re3 35. a4 Ba6 36. b4 b6 0-1

[Event "Landesklasse Ost 2011/2012"]
[Site "?"]
[Date "2011.09.18"]
[Round "1"]
[White "Jakob, Matthias"]
[Black "Friedt, Marius"]
[Result "1/2-1/2"]
[WhiteElo "1965"]
[BlackElo "1766"]
[PlyCount "44"]
[EventDate "2011.??.??"]
[WhiteTeam "SV Medizin Erfurt"]
[BlackTeam "Erfurter Schachklub"]

1. d4 Nf6 2. Nf3 e6 3. e3 b6 4. Bd3 Bb7 5. Nbd2 Be7 6. O-O O-O 7. b3 d5 8. Bb2
Nbd7 9. Ne5 c5 10. Qe2 Nxe5 11. dxe5 Ne4 12. Rad1 Nxd2 13. Rxd2 f5 14. c4 Qe8
15. cxd5 exd5 16. Rfd1 Rd8 17. f3 Qh5 18. f4 Qxe2 19. Bxe2 Kf7 20. Bf3 Ke6 21.
g4 g6 22. h3 b5 1/2-1/2

[Event "Landesklasse Ost 2011/2012"]
[Site "?"]
[Date "2011.09.18"]
[Round "1"]
[White "Gläßl, Matthias"]
[Black "Bunke, Wilfried"]
[Result "1/2-1/2"]
[WhiteElo "2049"]
[BlackElo "1974"]
[PlyCount "94"]
[EventDate "2011.??.??"]
[WhiteTeam "ESV Gera"]
[BlackTeam "SV Schott Jena"]

1. e4 e6 2. d4 d5 3. Nc3 dxe4 4. Nxe4 Nd7 5. Nf3 Ngf6 6. Bd3 c5 7. Bg5 cxd4 8.
Bxf6 Nxf6 9. Nxf6+ gxf6 10. Bb5+ Bd7 11. Bxd7+ Qxd7 12. Qxd4 Qxd4 13. Nxd4
O-O-O 14. c3 Rg8 15. O-O a6 16. Nf3 Rd3 17. Nd4 Bc5 18. Nb3 Ba7 19. Rfd1 Rgd8
20. Rxd3 Rxd3 21. Kf1 Rd5 22. Re1 b5 23. g3 Kc7 24. Kg2 Bb6 25. c4 Re5 26. Rxe5
fxe5 27. cxb5 axb5 28. Kf3 f5 29. Ke2 Kd6 30. Nd2 Kd5 31. b3 e4 32. a4 bxa4 33.
bxa4 e5 34. f3 exf3+ 35. Nxf3 Bd8 36. Nd2 h5 37. Nf1 Ke4 38. Nd2+ Kd5 39. Nf3
Ke4 40. h4 f4 41. Ng5+ Kf5 42. gxf4 e4 43. Kf2 Ba5 44. Ke2 Kxf4 45. Ne6+ Kg4
46. Nc5 Kxh4 47. Nxe4 Kg4 1/2-1/2

[Event "Landesklasse Ost 2011/2012"]
[Site "?"]
[Date "2011.09.18"]
[Round "1"]
[White "Lorenz, Nicole"]
[Black "Puschendorf, Steffen"]
[Result "1/2-1/2"]
[WhiteElo "1828"]
[BlackElo "2077"]
[PlyCount "107"]
[EventDate "2011.??.??"]
[WhiteTeam "SV Schott Jena"]
[BlackTeam "ESV Gera"]

1. e4 e6 2. d4 d5 3. Nc3 dxe4 4. Nxe4 Nd7 5. Nf3 Ngf6 6. Bg5 h6 7. Nxf6+ Nxf6
8. Bh4 Be7 9. Bc4 O-O 10. Qe2 a6 11. a4 c5 12. dxc5 Qa5+ 13. c3 Qxc5 14. O-O
Rd8 15. Ne5 Nd5 16. Bxe7 Qxe7 17. Rfd1 Bd7 18. Nxd7 Qxd7 19. Bxd5 exd5 20. Rd4
Re8 21. Qd2 Rad8 22. Re1 Re6 23. Rxe6 fxe6 24. f4 Rf8 25. g3 Kh8 26. Kg2 Qf7
27. Qe2 Qf5 28. Kh1 Rc8 29. Rd3 Rc4 30. Re3 Rxa4 31. Rxe6 Ra1+ 32. Kg2 Rc1 33.
Re8+ Kh7 34. Qf2 Qd3 35. Re2 b5 36. Kh3 Qf5+ 37. Kg2 a5 38. Re5 Qd3 39. Re2 b4
40. cxb4 axb4 41. Rd2 Qe4+ 42. Kh3 b3 43. f5 Rc2 44. f6 Rxd2 45. Qxd2 gxf6 46.
Qc3 Qf5+ 47. g4 Qf1+ 48. Kg3 Qg1+ 49. Kh3 Qf1+ 50. Kg3 Qg1+ 51. Kh3 d4 52. Qxb3
Qf1+ 53. Kg3 d3 54. Qf7+ 1/2-1/2

[Event "Landesklasse Ost 2011/2012"]
[Site "?"]
[Date "2011.09.18"]
[Round "1"]
[White "Schmidt, Frank"]
[Black "Schlachetka, Werner"]
[Result "1/2-1/2"]
[WhiteElo "1937"]
[BlackElo "1901"]
[PlyCount "38"]
[EventDate "2011.??.??"]
[WhiteTeam "ESV Gera"]
[BlackTeam "SV Schott Jena"]

1. d4 Nf6 2. Nf3 b5 3. e4 Nxe4 4. Bxb5 Bb7 5. O-O e6 6. Re1 Be7 7. Nbd2 Nf6 8.
Ne5 O-O 9. Bd3 d6 10. Nef3 Nbd7 11. c3 c5 12. Ne4 cxd4 13. Nxd4 Nxe4 14. Bxe4
Bxe4 15. Rxe4 Bf6 16. Rg4 Ne5 17. Rg3 g6 18. Bh6 Bg7 19. Qc1 Rc8 1/2-1/2

[Event "Landesklasse Ost 2011/2012"]
[Site "?"]
[Date "2011.09.18"]
[Round "1"]
[White "Jordan, Gunter"]
[Black "Hoffmann, Tim"]
[Result "1/2-1/2"]
[WhiteElo "1856"]
[BlackElo "1762"]
[PlyCount "76"]
[EventDate "2011.??.??"]
[WhiteTeam "SV Schott Jena"]
[BlackTeam "ESV Gera"]

1. d4 Nf6 2. c4 c5 3. Nf3 g6 4. Nc3 Bg7 5. e4 cxd4 6. Nxd4 d6 7. Be2 O-O 8. O-O
Nbd7 9. Be3 Re8 10. Qd2 Nc5 11. f3 a5 12. Ndb5 Bd7 13. Rad1 Bc6 14. Nd5 Bxb5
15. cxb5 Rc8 16. Nxf6+ Bxf6 17. Rc1 b6 18. Rfd1 Bg7 19. b3 Qc7 20. Bc4 Red8 21.
a3 Qa7 22. Bd4 Rc7 23. b4 axb4 24. axb4 Nd7 25. Ra1 Qb8 26. Bd5 Ra7 27. Rxa7
Qxa7 28. Ra1 Qc7 29. Bxg7 Kxg7 30. Qb2+ Kg8 31. Rc1 Qb8 32. Qc3 Nf6 33. Qc4
Nxd5 34. Qxd5 e6 35. Qc6 d5 36. exd5 Rxd5 37. Re1 Qd6 38. Rc1 Rd1+ 1/2-1/2

[Event "Landesklasse Ost 2011/2012"]
[Site "?"]
[Date "2011.09.18"]
[Round "1"]
[White "Senf, Paul"]
[Black "Osterloh, Felix"]
[Result "1/2-1/2"]
[WhiteElo "1674"]
[BlackElo "1723"]
[PlyCount "39"]
[EventDate "2011.??.??"]
[WhiteTeam "ESV Gera"]
[BlackTeam "SV Schott Jena"]

1. e4 g6 2. d4 Bg7 3. Nf3 d6 4. Nc3 Nf6 5. Bc4 O-O 6. O-O c6 7. a4 Qc7 8. Qe2
h6 9. e5 Nh7 10. e6 f5 11. Nh4 g5 12. Nf3 d5 13. Bd3 Qd6 14. Re1 Rf6 15. Ne5
Bxe6 16. Qh5 Bf7 17. Qh3 Be6 18. Qh5 Bf7 19. Qh3 Be6 20. Qh5 1/2-1/2

[Event "Landesklasse Ost 2011/2012"]
[Site "?"]
[Date "2011.09.18"]
[Round "1"]
[White "Seifert, Michael"]
[Black "Hilbig, Dieter"]
[Result "1-0"]
[WhiteElo "1588"]
[BlackElo "1850"]
[PlyCount "79"]
[EventDate "2011.??.??"]
[WhiteTeam "SV Schott Jena"]
[BlackTeam "ESV Gera"]

1. Nf3 d5 2. g3 g6 3. Bg2 Bg7 4. O-O Nf6 5. d3 O-O 6. Nbd2 c6 7. e4 dxe4 8.
dxe4 Bg4 9. h3 Bxf3 10. Qxf3 Nbd7 11. Nb3 Qc7 12. Be3 Nb6 13. Qe2 Rfd8 14. Rad1
Rxd1 15. Rxd1 Rd8 16. c3 Rxd1+ 17. Qxd1 Nc4 18. Bc1 e5 19. Qd3 b5 20. Nd2 Bh6
21. b3 Bxd2 22. Bxd2 Nxd2 23. Qxd2 Qd7 24. Qe3 Qd1+ 25. Kh2 Qc2 26. Qxa7 Qxc3
27. Qe7 Kg7 28. Qd6 c5 29. a4 bxa4 30. bxa4 Qd4 31. Qxd4 exd4 32. a5 c4 33. Bf1
d3 34. a6 Nd7 35. a7 Nb6 36. Kg2 Kf6 37. Kf3 Ke6 38. Ke3 f5 39. exf5+ Kxf5 40.
Bg2 1-0

[Event "Landesklasse Ost 2011/2012"]
[Site "?"]
[Date "2011.09.18"]
[Round "1"]
[White "Kupper, Matthias"]
[Black "Richter, Gerhard"]
[Result "1/2-1/2"]
[WhiteElo "1746"]
[BlackElo "2034"]
[PlyCount "35"]
[EventDate "2011.??.??"]
[WhiteTeam "ESV Gera"]
[BlackTeam "SV Schott Jena"]

1. e4 e6 2. d4 d5 3. Nd2 Nc6 4. c3 Be7 5. Ngf3 Nf6 6. e5 Nd7 7. Bd3 f6 8. exf6
Bxf6 9. O-O e5 10. dxe5 Ndxe5 11. Bb5 O-O 12. Bxc6 Nxc6 13. h3 Bf5 14. Nb3 Bg6
15. Be3 Re8 16. Qd2 Be4 17. Ng5 Bg6 18. Rad1 1/2-1/2

[Event "Landesklasse Ost 2011/2012"]
[Site "?"]
[Date "2011.09.18"]
[Round "1"]
[White "Mauch, Johannes"]
[Black "Kirschner, Torsten"]
[Result "0-1"]
[WhiteElo "1563"]
[BlackElo "1624"]
[PlyCount "66"]
[EventDate "2011.??.??"]
[WhiteTeam "SV Schott Jena"]
[BlackTeam "ESV Gera"]

1. Nf3 Nf6 2. g3 g6 3. Bg2 Bg7 4. O-O O-O 5. d3 d6 6. Nc3 c6 7. e4 e5 8. Kh1 a5
9. Ne1 Na6 10. f4 exf4 11. Bxf4 Nh5 12. Be3 Be6 13. Qd2 b5 14. Bh6 Qd7 15. Bxg7
Kxg7 16. Ne2 Bh3 17. Nf4 Nxf4 18. Rxf4 Bxg2+ 19. Nxg2 Nc7 20. Rh4 h5 21. Rxh5
gxh5 22. Qg5+ Kh7 23. Qxh5+ Kg8 24. Qg5+ Kh7 25. Rf1 f6 26. Qh5+ Kg8 27. Rf4
Rf7 28. Rh4 Rh7 29. Rg4+ Kf8 30. Qg6 Qf7 31. Qf5 Ne6 32. Rg6 Ke7 33. Nh4 Rah8
0-1

[Event "Landesklasse Ost 2011/2012"]
[Site "?"]
[Date "2011.09.18"]
[Round "1"]
[White "Pähtz, Thomas"]
[Black "Fuchs, Antje"]
[Result "1-0"]
[WhiteElo "2374"]
[BlackElo "2092"]
[PlyCount "79"]
[EventDate "2011.??.??"]
[WhiteTeam "ESV Lok Sömmerda"]
[BlackTeam "TSV Zeulenroda"]

1. e4 c5 2. Nf3 d6 3. d4 cxd4 4. Nxd4 Nf6 5. Nc3 a6 6. Bg5 e6 7. f4 Be7 8. Qf3
Nbd7 9. O-O-O Qc7 10. Bd3 b5 11. Rhe1 Bb7 12. Qg3 b4 13. Nd5 exd5 14. exd5 g6
15. Qh4 O-O-O 16. Nc6 Nxd5 17. Nxe7+ Nxe7 18. Bxe7 Rde8 19. Bf1 Qa5 20. Kb1 d5
21. f5 Nc5 22. Qd4 Ne4 23. Bxb4 Qc7 24. g3 a5 25. Ba3 Rhg8 26. Bh3 Kb8 27. f6
Qc4 28. Qxc4 dxc4 29. Bd7 Nd2+ 30. Kc1 Rxe1 31. Rxe1 c3 32. bxc3 Rd8 33. Bd6+
Ka7 34. Re7 Nc4 35. Bc7 Rf8 36. a4 Nb6 37. Bb5 Nd5 38. Be5 Ka8 39. Re8+ Rxe8
40. Bxe8 1-0

[Event "Landesklasse Ost 2011/2012"]
[Site "?"]
[Date "2011.09.18"]
[Round "1"]
[White "Kühn, Martin"]
[Black "Skibbe, Diana"]
[Result "1-0"]
[WhiteElo "1943"]
[BlackElo "1961"]
[PlyCount "82"]
[EventDate "2011.??.??"]
[WhiteTeam "ESV Lok Sömmerda"]
[BlackTeam "TSV Zeulenroda"]

1. d4 f5 2. c4 Nf6 3. Nc3 g6 4. Nf3 Bg7 5. Bf4 d6 6. e3 O-O 7. Bd3 Qe8 8. Bc2
c6 9. h3 Nbd7 10. O-O e5 11. Bh2 b6 12. dxe5 dxe5 13. Qd6 Ba6 14. Bb3 Ne4 15.
Nxe4 fxe4 16. Ng5 Nc5 17. Bc2 Rd8 18. Qc7 Rd7 19. Qxc6 Qe7 20. b4 Rc8 21. Qxc8+
Bxc8 22. bxc5 Qxg5 23. c6 Rd3 24. Bxd3 exd3 25. f4 exf4 26. Bxf4 Qc5 27. Rad1
Qxc4 28. c7 Qe4 29. Rf3 Bf8 30. Bg5 Bd6 31. Rdf1 Qe8 32. Bh6 d2 33. R3f2 Bf5
34. Rxd2 Bxc7 35. g4 Be6 36. Rdf2 Bd6 37. Rf6 Bc5 38. Kh2 Bxa2 39. R1f2 Qe5+
40. R2f4 g5 41. R6f5 Bxe3 1-0

[Event "Landesklasse Ost 2011/2012"]
[Site "?"]
[Date "2011.09.18"]
[Round "1"]
[White "Ahnert, Toni"]
[Black "Siegemund, Joachim"]
[Result "0-1"]
[WhiteElo "1926"]
[BlackElo "2043"]
[PlyCount "36"]
[EventDate "2011.??.??"]
[WhiteTeam "TSV Zeulenroda"]
[BlackTeam "ESV Lok Sömmerda"]

1. e4 e6 2. d4 d5 3. e5 c5 4. c3 Nc6 5. Nf3 Qb6 6. Be2 Nh6 7. O-O Nf5 8. dxc5
Bxc5 9. Nbd2 O-O 10. Nb3 Be7 11. Bf4 f6 12. Qd2 fxe5 13. Nxe5 Nxe5 14. Bxe5 Bf6
15. Bxf6 Rxf6 16. Kh1 Bd7 17. Rae1 Bb5 18. f4 Ng3+ 0-1

[Event "Landesklasse Ost 2011/2012"]
[Site "?"]
[Date "2011.09.18"]
[Round "1"]
[White "Kalisch, Michael"]
[Black "Barth, Christian"]
[Result "0-1"]
[WhiteElo "1926"]
[BlackElo "1788"]
[PlyCount "86"]
[EventDate "2011.??.??"]
[WhiteTeam "ESV Lok Sömmerda"]
[BlackTeam "TSV Zeulenroda"]

1. e4 e5 2. Bc4 c6 3. Nf3 d5 4. exd5 cxd5 5. Bb5+ Bd7 6. Qe2 f6 7. Nc3 Ne7 8.
O-O Qb6 9. Bxd7+ Nxd7 10. Kh1 g6 11. Nh4 Bg7 12. f4 e4 13. Nxd5 Nxd5 14. Qxe4+
Ne7 15. Re1 Bf8 16. b3 O-O-O 17. d4 Qc6 18. Qe2 Nf5 19. Nxf5 gxf5 20. c4 Bb4
21. d5 Qd6 22. Bd2 Bxd2 23. Qxd2 Nc5 24. Qd4 Rde8 25. b4 Rxe1+ 26. Rxe1 Ne4 27.
c5 Qxf4 28. Kg1 Qd2 29. Qxd2 Nxd2 30. Re7 Ne4 31. d6 Nc3 32. a3 Nd5 33. Rf7 h5
34. b5 Rd8 35. Rh7 Nc3 36. c6 bxc6 37. bxc6 Rxd6 38. Rxh5 Rd5 39. Rh7 a6 40.
Rf7 Ne4 41. Kf1 Rc5 42. h4 Rxc6 43. Kg1 Rc7 0-1

[Event "Landesklasse Ost 2011/2012"]
[Site "?"]
[Date "2011.09.18"]
[Round "1"]
[White "Wolfram, Thomas"]
[Black "Kühn, Karsten"]
[Result "0-1"]
[WhiteElo "1788"]
[BlackElo "1938"]
[PlyCount "80"]
[EventDate "2011.??.??"]
[WhiteTeam "TSV Zeulenroda"]
[BlackTeam "ESV Lok Sömmerda"]

1. d4 e6 2. e3 b6 3. f4 Bb7 4. Nf3 Nf6 5. Bd3 Be7 6. O-O O-O 7. Nbd2 d5 8. Ne5
c5 9. c3 Qc7 10. Qf3 Ba6 11. Bxa6 Nxa6 12. Ng4 Rfd8 13. f5 exf5 14. Qxf5 Qd7
15. Nxf6+ Bxf6 16. Qf4 Nc7 17. Nf3 Ne6 18. Qg3 Qd6 19. Qg4 Qe7 20. Bd2 g6 21.
Be1 h5 22. Qg3 Ng7 23. Nd2 Bg5 24. Nf3 Bxe3+ 25. Bf2 Nf5 26. Qh3 cxd4 27. cxd4
Re8 28. Rae1 Bxf2+ 29. Rxf2 Qb4 30. Ref1 Re3 31. g4 hxg4 32. Qxg4 Re4 33. Qg2
Qe7 34. Ne5 Ne3 35. Nxg6 fxg6 36. Qxg6+ Qg7 37. Qxg7+ Kxg7 38. Rf7+ Kg8 39.
R1f6 Rc8 40. Rd7 Rc1+ 0-1

[Event "Landesklasse Ost 2011/2012"]
[Site "?"]
[Date "2011.09.18"]
[Round "1"]
[White "Kirste, Olaf"]
[Black "Wiedemann, Volker"]
[Result "1-0"]
[WhiteElo "1866"]
[BlackElo "1833"]
[PlyCount "93"]
[EventDate "2011.??.??"]
[WhiteTeam "ESV Lok Sömmerda"]
[BlackTeam "TSV Zeulenroda"]

1. c4 Nf6 2. Nc3 e6 3. e4 d5 4. e5 d4 5. exf6 dxc3 6. bxc3 Qxf6 7. Nf3 c5 8.
Bd3 Bd7 9. O-O Bd6 10. Qe2 Bc6 11. Be4 O-O 12. d4 Bxe4 13. Qxe4 Qe7 14. Re1 Qc7
15. Ng5 g6 16. Qh4 f5 17. Rxe6 Rd8 18. d5 Na6 19. Bd2 Qg7 20. Rae1 Nc7 21. R6e2
Re8 22. Ne6 Nxe6 23. Rxe6 Rxe6 24. Rxe6 Bf8 25. Qg5 b6 26. h4 Rc8 27. h5 gxh5
28. Qxf5 Qg4 29. Qxg4+ hxg4 30. a4 Kf7 31. Kh2 Re8 32. Rxe8 Bd6+ 33. g3 Kxe8
34. Bf4 Be7 35. Be5 Kd7 36. Kg2 h5 37. f3 gxf3+ 38. Kxf3 Bg5 39. Ke4 Be7 40.
Kf4 Bd8 41. Ke3 Bg5+ 42. Ke4 Be7 43. d6 Bd8 44. Kf5 a6 45. Bf6 Bxf6 46. Kxf6
Kxd6 47. Kg5 1-0

[Event "Landesklasse Ost 2011/2012"]
[Site "?"]
[Date "2011.09.18"]
[Round "1"]
[White "Riemer, Marion"]
[Black "Loose, Helmut"]
[Result "1/2-1/2"]
[WhiteElo "1733"]
[BlackElo "1586"]
[PlyCount "37"]
[EventDate "2011.??.??"]
[WhiteTeam "TSV Zeulenroda"]
[BlackTeam "ESV Lok Sömmerda"]

1. e4 e6 2. d4 d5 3. exd5 exd5 4. Bd3 c6 5. Nf3 Bd6 6. O-O Ne7 7. Ng5 g6 8.
Nxf7 Kxf7 9. Bh6 Ng8 10. Be3 Qh4 11. g3 Qe7 12. Re1 Be6 13. Nd2 Nf6 14. Nf3 h6
15. Nh4 g5 16. Ng6 Qd8 17. Nxh8+ Qxh8 18. Be2 Nbd7 19. c3 1/2-1/2

[Event "Landesklasse Ost 2011/2012"]
[Site "?"]
[Date "2011.10.09"]
[Round "2"]
[White "Puschendorf, Steffen"]
[Black "Rauhut, Frank"]
[Result "1/2-1/2"]
[WhiteElo "2077"]
[BlackElo "1900"]
[PlyCount "68"]
[EventDate "2011.??.??"]
[WhiteTeam "ESV Gera"]
[BlackTeam "SV Jenapharm Jena"]

1. d4 d5 2. Nf3 Nf6 3. c4 c6 4. e3 g6 5. Nc3 Bg7 6. Be2 O-O 7. O-O Bf5 8. cxd5
cxd5 9. Qb3 Qb6 10. Nxd5 Qxb3 11. Nxf6+ Bxf6 12. axb3 Nc6 13. Bd2 a5 14. Bc3
Nb4 15. Nd2 b6 16. Bf3 Rac8 17. Nc4 Rb8 18. e4 Bd7 19. d5 Bg5 20. Be2 f5 21.
Ne5 Be8 22. Nc6 Nxc6 23. dxc6 Rc8 24. exf5 gxf5 25. Bb5 Bf6 26. Rfe1 Rc7 27.
Rac1 Kg7 28. Be5 Bxe5 29. Rxe5 Kf6 30. f4 Bf7 31. Rc3 Rd8 32. Bd3 Rd5 33. Rxd5
Bxd5 34. Bb5 e6 1/2-1/2

[Event "Landesklasse Ost 2011/2012"]
[Site "?"]
[Date "2011.10.09"]
[Round "2"]
[White "Böhm, Christian"]
[Black "Schmidt, Frank"]
[Result "1/2-1/2"]
[WhiteElo "1813"]
[BlackElo "1937"]
[PlyCount "110"]
[EventDate "2011.??.??"]
[WhiteTeam "SV Jenapharm Jena"]
[BlackTeam "ESV Gera"]

1. Nf3 Nf6 2. g3 g6 3. Bg2 Bg7 4. O-O O-O 5. d3 d6 6. e4 c5 7. c3 Nc6 8. Re1
Bg4 9. Nbd2 Ne5 10. h3 Nxf3+ 11. Nxf3 Bxf3 12. Qxf3 Nd7 13. Qe2 Rb8 14. a4 a5
15. f4 e5 16. f5 g5 17. Be3 h6 18. Red1 Qe7 19. Ra3 Rfe8 20. Rb3 b6 21. Rb5 Rb7
22. Qf2 Nb8 23. d4 Nc6 24. dxc5 dxc5 25. f6 Qxf6 26. Qxf6 Bxf6 27. Rd6 Re6 28.
Rxe6 fxe6 29. Bxc5 Bd8 30. Be3 Kf7 31. Bf1 Na7 32. Rb3 Rd7 33. Bc4 Rd6 34. Kf2
Nc8 35. Ke2 Na7 36. Ra3 Nc8 37. Ra1 Bf6 38. Rd1 Rxd1 39. Kxd1 Bd8 40. Ke2 Nd6
41. Kd3 Ke7 42. b4 Kd7 43. Bb3 Nb7 44. Bc4 Nd6 45. Ba6 axb4 46. cxb4 Kc6 47.
Bc4 Nxc4 48. Kxc4 h5 49. g4 hxg4 50. hxg4 Be7 51. a5 b5+ 52. Kc3 Kb7 53. Bc5
Bd8 54. Bd6 Bf6 55. Bf8 Ka6 1/2-1/2

[Event "Landesklasse Ost 2011/2012"]
[Site "?"]
[Date "2011.10.09"]
[Round "2"]
[White "Hoffmann, Tim"]
[Black "Wolf, Isaak"]
[Result "1-0"]
[WhiteElo "1762"]
[BlackElo "1871"]
[PlyCount "65"]
[EventDate "2011.??.??"]
[WhiteTeam "ESV Gera"]
[BlackTeam "SV Jenapharm Jena"]

1. e4 e5 2. Nf3 Nc6 3. d4 exd4 4. Bc4 d6 5. Nxd4 Nf6 6. Nc3 Be7 7. O-O O-O 8.
Kh1 Ne5 9. Be2 Ng6 10. f4 Re8 11. Bd3 Bf8 12. h3 a6 13. Qf3 Bd7 14. Re1 c5 15.
Nde2 b5 16. b3 Qc8 17. Ng3 Bxh3 18. Nh5 Bxg2+ 19. Qxg2 Nxh5 20. f5 Ne5 21. Nd5
Kh8 22. Rg1 g6 23. Be2 Ng7 24. Qh2 Qb7 25. Bh6 Nd7 26. Bf3 Re5 27. Rad1 Rae8
28. Rg4 Nxf5 29. exf5 Rxf5 30. Bg2 Bxh6 31. Ne3 Qc8 32. Nxf5 gxf5 33. Rh4 1-0

[Event "Landesklasse Ost 2011/2012"]
[Site "?"]
[Date "2011.10.09"]
[Round "2"]
[White "Jung, Florian"]
[Black "Hilbig, Dieter"]
[Result "0-1"]
[WhiteElo "1819"]
[BlackElo "1850"]
[PlyCount "60"]
[EventDate "2011.??.??"]
[WhiteTeam "SV Jenapharm Jena"]
[BlackTeam "ESV Gera"]

1. c4 e5 2. Nc3 Nf6 3. g3 g6 4. Bg2 Bg7 5. d3 O-O 6. Bd2 Nc6 7. a3 a5 8. e3 d6
9. Nge2 Be6 10. O-O Qd7 11. Nd5 Bh3 12. Nec3 Bxg2 13. Nxf6+ Bxf6 14. Kxg2 Ne7
15. Qf3 Bg7 16. b4 axb4 17. axb4 c6 18. b5 d5 19. Qe2 Rfd8 20. Na4 Qd6 21. c5
Qe6 22. Rfb1 f5 23. Bc3 d4 24. exd4 cxb5 25. Nb6 Rxa1 26. Rxa1 Qc6+ 27. f3 exd4
28. Bxd4 Bxd4 29. Qxe7 Re8 30. Nd5 Bxa1 0-1

[Event "Landesklasse Ost 2011/2012"]
[Site "?"]
[Date "2011.10.09"]
[Round "2"]
[White "Steinmüller, Johannes"]
[Black "Vater, Rainer"]
[Result "1/2-1/2"]
[WhiteElo "1767"]
[BlackElo "1763"]
[PlyCount "93"]
[EventDate "2011.??.??"]
[WhiteTeam "ESV Gera"]
[BlackTeam "SV Jenapharm Jena"]

1. e4 d5 2. exd5 Qxd5 3. Nc3 Qd6 4. d4 a6 5. Nf3 Nf6 6. Be2 Bf5 7. O-O e6 8.
Be3 Nc6 9. Bd3 Bg4 10. Ne4 Nxe4 11. Bxe4 O-O-O 12. c3 f5 13. Bxc6 bxc6 14. Qa4
Bxf3 15. Qxa6+ Kd7 16. gxf3 g5 17. Qc4 f4 18. Bd2 h5 19. Rad1 g4 20. Qc5 Be7
21. Qxd6+ Bxd6 22. Kh1 Ra8 23. a3 Rhb8 24. Bc1 g3 25. fxg3 fxg3 26. h3 h4 27.
Kg2 Be7 28. Rde1 Ra5 29. Re4 Bg5 30. Re2 Rf5 31. Bxg5 Rxg5 32. b4 Ra8 33. Ra1
Ra4 34. Re4 Rh5 35. Re5 Rh8 36. f4 Kd6 37. Kf3 Rg8 38. Rg5 Rga8 39. Kg4 Rxa3
40. Rxa3 Rxa3 41. Kxh4 Rxc3 42. Rxg3 Rc4 43. Rd3 Rxb4 44. Kg4 Ke7 45. Kg5 Kf7
46. h4 Kg7 47. Rc3 1/2-1/2

[Event "Landesklasse Ost 2011/2012"]
[Site "?"]
[Date "2011.10.09"]
[Round "2"]
[White "Fauth, Frank"]
[Black "Kupper, Matthias"]
[Result "1/2-1/2"]
[WhiteElo "1754"]
[BlackElo "1746"]
[PlyCount "67"]
[EventDate "2011.??.??"]
[WhiteTeam "SV Jenapharm Jena"]
[BlackTeam "ESV Gera"]

1. d4 d5 2. c4 e6 3. Nc3 Nf6 4. Bg5 Nbd7 5. e3 Be7 6. Bd3 O-O 7. Nf3 dxc4 8.
Bxc4 c5 9. O-O cxd4 10. exd4 a6 11. a3 b5 12. Ba2 Bb7 13. Qe2 Re8 14. Rad1 Nd5
15. Bxe7 Nxc3 16. bxc3 Qxe7 17. Ra1 Rac8 18. Rfc1 Nb6 19. Bb3 Qf6 20. Ne5 Nd5
21. Bxd5 Bxd5 22. Nd7 Qg5 23. f3 Rc6 24. Nc5 e5 25. a4 Rg6 26. axb5 Bc4 27. Qf2
exd4 28. Re1 Rc8 29. cxd4 Bxb5 30. Re5 Qf4 31. Rae1 Rd6 32. R5e4 Qf6 33. Qe3 h6
34. Re5 1/2-1/2

[Event "Landesklasse Ost 2011/2012"]
[Site "?"]
[Date "2011.10.09"]
[Round "2"]
[White "Kirschner, Torsten"]
[Black "Wolf, Jürgen"]
[Result "1/2-1/2"]
[WhiteElo "1624"]
[BlackElo "1674"]
[PlyCount "50"]
[EventDate "2011.??.??"]
[WhiteTeam "ESV Gera"]
[BlackTeam "SV Jenapharm Jena"]

1. d4 Nf6 2. c4 e6 3. g3 d5 4. Bg2 Bb4+ 5. Nc3 O-O 6. Nf3 b6 7. O-O Bb7 8. Bg5
dxc4 9. Qa4 Be7 10. Qxc4 Nbd7 11. Rfe1 c5 12. Rad1 cxd4 13. Rxd4 Nd5 14. Bxe7
Qxe7 15. e4 Nxc3 16. Qxc3 Rfc8 17. Qd2 Nf6 18. Ne5 h6 19. Rd1 Rc7 20. Nd7 Nxd7
21. Rxd7 Rxd7 22. Qxd7 Qxd7 23. Rxd7 Rb8 24. Kf1 Ba6+ 25. Ke1 Rb7 1/2-1/2

[Event "Landesklasse Ost 2011/2012"]
[Site "?"]
[Date "2011.10.09"]
[Round "2"]
[White "Schlachetka, Werner"]
[Black "Pähtz, Thomas"]
[Result "1/2-1/2"]
[WhiteElo "1901"]
[BlackElo "2374"]
[PlyCount "55"]
[EventDate "2011.??.??"]
[WhiteTeam "SV Schott Jena"]
[BlackTeam "ESV Lok Sömmerda"]

1. e4 g6 2. d4 Bg7 3. c3 d6 4. f4 Nf6 5. Bd3 O-O 6. Nf3 Na6 7. Qe2 c5 8. d5 e6
9. dxe6 Bxe6 10. Bxa6 bxa6 11. O-O Re8 12. Qxa6 Nxe4 13. Nbd2 d5 14. Nxe4 dxe4
15. Ng5 Qd3 16. Qxd3 exd3 17. Nxe6 Rxe6 18. Bd2 Rb8 19. b3 Re2 20. Rf2 Rbe8 21.
Rd1 c4 22. Rxe2 Rxe2 23. bxc4 Bf8 24. Be1 Bc5+ 25. Kf1 Rxa2 26. Rxd3 Ra4 27.
Rd8+ Kg7 28. Rc8 1/2-1/2

[Event "Landesklasse Ost 2011/2012"]
[Site "?"]
[Date "2011.10.09"]
[Round "2"]
[White "Wanzek, Daniel"]
[Black "Osterloh, Felix"]
[Result "1-0"]
[WhiteElo "2093"]
[BlackElo "1723"]
[PlyCount "51"]
[EventDate "2011.??.??"]
[WhiteTeam "ESV Lok Sömmerda"]
[BlackTeam "SV Schott Jena"]

1. e4 e5 2. Nc3 Nf6 3. g3 Bc5 4. Bg2 Nc6 5. d3 d6 6. Na4 Bb6 7. Nxb6 axb6 8. f4
exf4 9. Bxf4 Ne5 10. Nf3 Nxf3+ 11. Qxf3 Be6 12. O-O Qd7 13. e5 Nd5 14. exd6
Nxf4 15. gxf4 Qxd6 16. f5 Bc8 17. Rae1+ Kf8 18. Qe4 Qd8 19. f6 gxf6 20. Qh4 h5
21. Rxf6 Bd7 22. Rxf7+ Kxf7 23. Bd5+ Kg6 24. Re7 Rf8 25. Qg3+ Kh6 26. Qg7# 1-0

[Event "Landesklasse Ost 2011/2012"]
[Site "?"]
[Date "2011.10.09"]
[Round "2"]
[White "Seifert, Michael"]
[Black "Kühn, Martin"]
[Result "1-0"]
[WhiteElo "1588"]
[BlackElo "1943"]
[PlyCount "47"]
[EventDate "2011.??.??"]
[WhiteTeam "SV Schott Jena"]
[BlackTeam "ESV Lok Sömmerda"]

1. Nf3 d5 2. g3 c5 3. Bg2 Nc6 4. d3 e5 5. O-O Nge7 6. Nbd2 Ng6 7. e4 d4 8. Nc4
Be7 9. Ne1 h5 10. f4 Bg4 11. Qd2 exf4 12. gxf4 Nh4 13. f5 Nxg2 14. Qxg2 g6 15.
h3 g5 16. hxg4 hxg4 17. Qxg4 b5 18. Nd2 Rh4 19. Qe2 Bd6 20. Ndf3 Rg4+ 21. Ng2
Qc7 22. e5 O-O-O 23. exd6 Qxd6 24. Nxg5 1-0

[Event "Landesklasse Ost 2011/2012"]
[Site "?"]
[Date "2011.10.09"]
[Round "2"]
[White "Holtz, Peter"]
[Black "Kalisch, Michael"]
[Result "1/2-1/2"]
[WhiteElo "1773"]
[BlackElo "1926"]
[PlyCount "33"]
[EventDate "2011.??.??"]
[WhiteTeam "SV Schott Jena"]
[BlackTeam "ESV Lok Sömmerda"]

1. e4 c6 2. Nc3 d5 3. Nf3 Bg4 4. h3 Bxf3 5. Qxf3 e6 6. d4 Nf6 7. Bg5 Be7 8. e5
Nfd7 9. Bxe7 Qxe7 10. Qg3 f6 11. exf6 Qxf6 12. Qe3 O-O 13. O-O-O e5 14. dxe5
Qxe5 15. Qd2 Qf4 16. Qxf4 Rxf4 17. Rd2 1/2-1/2